Tax Incentives in Cambodia /

Cambodia, like its regional peers, offers a number of tax incentives to investors. This paper reviews these incentives to assess their costs and benefits, including their likely effectiveness in attracting capital and in supporting the diversification strategy. It finds that an important incentive,...

Ful tanımlama

Detaylı Bibliyografya
Yazar: Ghazanchyan, Manuk
Diğer Yazarlar: Klemm, Alexander, Zhou, Yong Sarah
Materyal Türü: Dergi
Dil:English
Baskı/Yayın Bilgisi: Washington, D.C. : International Monetary Fund, 2018.
Seri Bilgileri:IMF Working Papers; Working Paper ; No. 2018/071
Online Erişim:Full text available on IMF
LEADER 01918cas a2200265 a 4500
001 AALejournalIMF018352
008 230101c9999 xx r poo 0 0eng d
020 |c 5.00 USD 
020 |z 9781484347522 
022 |a 1018-5941 
040 |a BD-DhAAL  |c BD-DhAAL 
100 1 |a Ghazanchyan, Manuk. 
245 1 0 |a Tax Incentives in Cambodia /  |c Manuk Ghazanchyan, Alexander Klemm, Yong Sarah Zhou. 
264 1 |a Washington, D.C. :  |b International Monetary Fund,  |c 2018. 
300 |a 1 online resource (22 pages) 
490 1 |a IMF Working Papers 
500 |a <strong>Off-Campus Access:</strong> No User ID or Password Required 
500 |a <strong>On-Campus Access:</strong> No User ID or Password Required 
506 |a Electronic access restricted to authorized BRAC University faculty, staff and students 
520 3 |a Cambodia, like its regional peers, offers a number of tax incentives to investors. This paper reviews these incentives to assess their costs and benefits, including their likely effectiveness in attracting capital and in supporting the diversification strategy. It finds that an important incentive, the tax holiday, differs materially from practice elsewhere in offering a deferral rather than exempting from tax and may not be very effective. Moreover, other features of the tax system, such as the high withholding rate on dividends, imply relatively high effective tax rates for foreign investors. The paper discusses potential reforms that weigh revenue and other costs of tax incentives against the need for a competitive tax system, including a shift from tax holidays toward investment allowances. 
538 |a Mode of access: Internet 
700 1 |a Klemm, Alexander. 
700 1 |a Zhou, Yong Sarah. 
830 0 |a IMF Working Papers; Working Paper ;  |v No. 2018/071 
856 4 0 |z Full text available on IMF  |u http://elibrary.imf.org/view/journals/001/2018/071/001.2018.issue-071-en.xml  |z IMF e-Library